Einfluss der Medien auf die Entwicklung der deutschen Sprache diplomová práca

Na minha lista:
Detalhes bibliográficos
Autor principal: Hudecová, Natália
Autor Corporativo: Fakulta aplikovaných jazykov EU v Bratislave. Katedra jazykovedy a translatológie
Outros Autores: Seresová, Katarína, 1967-
Formato: Livro
Idioma:alemão
Publicado em: Bratislava 2017
Tags: Adicionar Tag
Sem tags, seja o primeiro a adicionar uma tag!

MARC

LEADER 00000nbm a2200000 4500
001 0231434
005 20180213104459.9
041 0 |a ger 
044 |a SK 
245 1 0 |a Einfluss der Medien auf die Entwicklung der deutschen Sprache  |b diplomová práca  |c Natália Hudecová ; školiteľ: Katarína Seresová 
264 1 |a Bratislava  |c 2017 
300 |a 76 s. 
100 1 |a Hudecová, Natália 
700 1 |a Seresová, Katarína, 1967- 
710 2 |a Fakulta aplikovaných jazykov EU v Bratislave. Katedra jazykovedy a translatológie